000 00410nam a2200169 i 4500
001 bg
245 1 0 _aMechanika techniczna.
_nT. 3,
_pDrgania i fale /
_cpod red. S. Kaliskiego.
260 _aWarszawa,
_c1986.
650 9 _aDrgania
650 9 _aFale
700 1 _aKaliski, Sylwester.
_eRed.
040 _cBPK
041 _apol
080 _a534
942 _cKS
008 s pl f |000 0 pol
999 _c23474
_d23474
856 _uhttp://koha.tu.koszalin.pl/cgi-bin/koha/opac-detail.pl?biblionumber=23474
_yKatalog online BPK